000 00422nam a2200157 i 4500
001 21365
003 ES-MaACL
005 20230906152451.0
007 t|
008 021125s1911 sp ||||1| spa d
100 1 _aAlberola Botella, Ginés.
_919293
245 1 0 _aSan Ignacio y los jesuitas /
_cGinés Alberola Botella.
260 _aMadrid :
_bCalleja,
_c1911.
300 _a238 p. ;
_c19 cm.
852 _aES-MaACL
_jD-682
999 _c21365
_d21365